000 00783cam a22002773a 4500
001 34159
003 PGUSA
005 20140828083734.0
008 101029s2010||||xxu|||||s|||||000 p eng d
040 _aPGUSA
_beng
042 _adc
050 4 _aPS
100 1 _aNewton, Grace Clarke
245 1 4 _aThe A B C of Drag Hunting
_h[electronic resource] /
_cGrace Clarke Newton
260 _bProject Gutenberg,
_c2010
506 _aPublic domain in the USA.
516 _aElectronic text
653 _aHunt riding -- Poetry
653 _aAlphabet rhymes
700 1 _aNewton, Richard,
_d1874-1951
740 0 _aA Hunting Alphabet
740 0 _aThe ABC of Drag Hunting
830 0 _aProject Gutenberg
_v34159
856 4 0 _uhttp://www.gutenberg.org/ebooks/34159
942 _cEB
999 _c263414
_d263414